000 01027cam a2200301 4500
008 020325n2002 000 0 eng u
020 _a184112253X
035 _a(Sirsi) u117218
041 _aeng.
050 _a658.151
100 _aLangdon, K.
245 _aInvestment appraisal
260 _aOxford
_bCapstone Publishing
_c2002
300 _a124p.
_c18cm.
350 _a10
490 _aExpressExec
520 _aA guide to mastering the skills needed to evaluate return on investment. Covers the key areas, from cost benefit analysis and risk analysis to accounting techniques and the balanced scorecard. Includes examples and lessons from successful businesses.
650 _aINVESTMENT APPRAISAL
650 _aINVESTMENT
650 _aCOST BENEFIT ANALYSIS
650 _aRISK ANALYSIS
650 _aMANAGEMENT-BUSINESS MANAGEMENT-FINANCIAL MANAGEMENT-ACCOUNTING
650 _aRETURN ON INVESTMENT
650 _aFINANCE
650 _aFINANCIAL DECISIONS
690 _aINVESTMENT
942 _n0
999 _c101960
_d101960